[Event "Madrid-chT 2021"]
[Site "Madrid"]
[Date "2021.02.28"]
[Round "2.6"]
[White "Herranz Sanchez, Pablo"]
[Black "Sahuquillo Cruz, Alejandro"]
[Result "1/2-1/2"]
[WhiteElo "2004"]
[BlackElo "1988"]
[PlyCount "65"]
[EventDate "2021.01.24"]
[EventType "team-tourn"]
[EventRounds "14"]
[EventCountry "ESP"]
[SourceTitle "Ajedrez en Madrid"]
[Source "lmi"]
[SourceDate "2021.01.23"]
[SourceVersion "1"]
[SourceVersionDate "2021.06.08"]
[SourceQuality "1"]
[WhiteTeam "Blanco y Negro"]
[BlackTeam "Tajamar"]
[WhiteTeamCountry "ESP"]
[BlackTeamCountry "ESP"]

1. e4 c5 2. Nf3 Nc6 3. d4 cxd4 4. Nxd4 e5 5. Nb5 d6 6. N1c3 a6 7. Na3 Be7 8.
Nd5 Nf6 9. Nxf6+ Bxf6 10. Be2 b5 11. O-O O-O 12. c3 Be6 13. Nc2 Qc7 14. a4 Rab8
15. axb5 axb5 16. Na3 Na7 17. Be3 Rfd8 18. Bxa7 Qxa7 19. Bxb5 d5 20. Qe2 dxe4
21. Bc4 Bf5 22. Nb5 Qc5 23. b4 Qc6 24. Na7 Qb7 25. b5 Bd7 26. Rfb1 Be7 27. Qh5
Be8 28. Qxe5 Bf6 29. Qg3 Qb6 30. Qe3 Qc7 31. Ra4 Rb7 32. g3 Be7 33. b6 1/2-1/2

[Event "Madrid-chT 2021"]
[Site "Madrid"]
[Date "2021.02.27"]
[Round "2.1"]
[White "Bolado Saez, Sergio"]
[Black "Moreno Trujillo, Alejandro"]
[Result "0-1"]
[WhiteElo "2355"]
[BlackElo "2483"]
[PlyCount "74"]
[EventDate "2021.01.24"]
[EventType "team-tourn"]
[EventRounds "14"]
[EventCountry "ESP"]
[SourceTitle "Ajedrez en Madrid"]
[Source "lmi"]
[SourceDate "2021.01.23"]
[SourceVersion "1"]
[SourceVersionDate "2021.06.08"]
[SourceQuality "1"]
[WhiteTeam "Capablanca"]
[BlackTeam "Villalba 64"]
[WhiteTeamCountry "ESP"]
[BlackTeamCountry "ESP"]

1. d4 Nf6 2. Bf4 d5 3. e3 c5 4. c3 Qb6 5. Qb3 c4 6. Qc2 g6 7. Nd2 Bf5 8. Qc1
Nc6 9. h3 Bg7 10. Ngf3 O-O 11. Be2 Rfe8 12. O-O Ne4 13. Nxe4 Bxe4 14. Nd2 Bf5
15. Bf3 Rad8 16. b3 Bd3 17. Re1 e5 18. Bg5 f6 19. Bh4 g5 20. Bg3 f5 21. bxc4
dxc4 22. Bxc6 Qxc6 23. Bxe5 Bxe5 24. dxe5 g4 25. hxg4 fxg4 26. f4 Qh6 27. Qd1
Qh4 28. Re2 Re6 29. Qe1 g3 30. Nf3 Qg4 31. Rd1 Rh6 32. Red2 Rh5 33. e6 Kf8 34.
a4 Rd6 35. Rxd3 cxd3 36. Qf1 Qxe6 37. Qe1 Qg4 0-1

[Event "Madrid-chT 2021"]
[Site "Madrid"]
[Date "2021.02.27"]
[Round "2.2"]
[White "Valles Moreno, Ivan"]
[Black "Tejedo Meneses, Alvaro"]
[Result "1-0"]
[WhiteElo "2412"]
[BlackElo "2052"]
[PlyCount "115"]
[EventDate "2021.01.24"]
[EventType "team-tourn"]
[EventRounds "14"]
[EventCountry "ESP"]
[SourceTitle "Ajedrez en Madrid"]
[Source "lmi"]
[SourceDate "2021.01.23"]
[SourceVersion "1"]
[SourceVersionDate "2021.06.08"]
[SourceQuality "1"]
[WhiteTeam "Villalba 64"]
[BlackTeam "Capablanca"]
[WhiteTeamCountry "ESP"]
[BlackTeamCountry "ESP"]

1. Nf3 Nf6 2. c4 c5 3. Nc3 Nc6 4. d4 cxd4 5. Nxd4 g6 6. e4 d6 7. Be2 Bg7 8. Be3
Bd7 9. O-O O-O 10. Qd2 Re8 11. f3 Nxd4 12. Bxd4 b6 13. Rfd1 Qc8 14. Bf1 Qb7 15.
Rab1 Be6 16. Be3 Rac8 17. b3 Nd7 18. Ne2 Ne5 19. Nd4 Bd7 20. Rbc1 Red8 21. Rc2
Be8 22. Rdc1 Nc6 23. Nb5 Ne5 24. Nc3 Bd7 25. Nd5 Be6 26. Bg5 f6 27. Bh4 Nf7 28.
f4 Rd7 29. Bf2 Nd8 30. g3 Bf7 31. Bg2 Qb8 32. h4 e6 33. Nc3 Nb7 34. f5 gxf5 35.
exf5 e5 36. Nd5 Nd8 37. Be3 Nc6 38. Rd1 Bh5 39. Rdc1 Ne7 40. Qd3 Bf7 41. a4 Kf8
42. g4 Nxd5 43. Bxd5 Bxd5 44. cxd5 Rdc7 45. Rc6 Ke7 46. b4 Bf8 47. b5 Kd7 48.
Kf2 Be7 49. Ke2 Bd8 50. g5 Be7 51. Qe4 Rxc6 52. dxc6+ Kc7 53. Qd5 Rg8 54. Qe6
Qd8 55. a5 Rg7 56. axb6+ axb6 57. Ra1 Qc8 58. Bxb6+ 1-0

[Event "Madrid-chT 2021"]
[Site "Madrid"]
[Date "2021.02.27"]
[Round "2.3"]
[White "Porras Fernandez, Alberto"]
[Black "Sanchez Gonzalez, Sergio"]
[Result "1/2-1/2"]
[WhiteElo "1916"]
[BlackElo "2281"]
[PlyCount "75"]
[EventDate "2021.01.24"]
[EventType "team-tourn"]
[EventRounds "14"]
[EventCountry "ESP"]
[SourceTitle "Ajedrez en Madrid"]
[Source "lmi"]
[SourceDate "2021.01.23"]
[SourceVersion "1"]
[SourceVersionDate "2021.06.08"]
[SourceQuality "1"]
[WhiteTeam "Capablanca"]
[BlackTeam "Villalba 64"]
[WhiteTeamCountry "ESP"]
[BlackTeamCountry "ESP"]

1. e4 c5 2. Nf3 e6 3. d4 cxd4 4. Nxd4 Nf6 5. Nc3 d6 6. Be2 a6 7. O-O Qc7 8. Kh1
b5 9. a3 Bb7 10. Bd3 Nc6 11. Be3 Be7 12. f4 O-O 13. Qe1 Nxd4 14. Bxd4 e5 15.
Be3 Rfe8 16. Rd1 exf4 17. Bxf4 Bf8 18. Qh4 Be7 19. Bg5 h6 20. Bxf6 Bxf6 21.
Rxf6 gxf6 22. Qxh6 Re5 23. Nd5 Bxd5 24. exd5 f5 25. Qg5+ Kf8 26. Bxf5 Qa7 27.
Rf1 Qe3 28. Qf6 Qf4 29. Qxd6+ Kg7 30. Bd3 Qg5 31. Qc7 Re7 32. Qc6 Rh8 33. d6
Qe5 34. h3 Re6 35. Qf3 Rf6 36. Qg4+ Kf8 37. Qc8+ Kg7 38. Qg4+ 1/2-1/2

[Event "Madrid-chT 2021"]
[Site "Madrid"]
[Date "2021.02.27"]
[Round "2.4"]
[White "Blasco de la Cruz, Luis"]
[Black "Matesanz Bonastre, Rafael"]
[Result "1/2-1/2"]
[WhiteElo "1902"]
[BlackElo "1906"]
[PlyCount "109"]
[EventDate "2021.01.24"]
[EventType "team-tourn"]
[EventRounds "14"]
[EventCountry "ESP"]
[SourceTitle "Ajedrez en Madrid"]
[Source "lmi"]
[SourceDate "2021.01.23"]
[SourceVersion "1"]
[SourceVersionDate "2021.06.08"]
[SourceQuality "1"]
[WhiteTeam "Villalba 64"]
[BlackTeam "Capablanca"]
[WhiteTeamCountry "ESP"]
[BlackTeamCountry "ESP"]

1. e4 d6 2. d4 Nf6 3. Bd3 e5 4. d5 a5 5. c4 Nbd7 6. Ne2 g6 7. Nbc3 Nc5 8. f3 b6
9. Be3 Nfd7 10. Bc2 Qh4+ 11. g3 Qe7 12. Nb5 Qd8 13. Qd2 Ba6 14. Nec3 h5 15. h4
Be7 16. O-O-O Nf6 17. a4 Qd7 18. b3 Bxb5 19. cxb5 O-O-O 20. Kb2 Kb7 21. Ra1 Ra8
22. Na2 Nh7 23. Raf1 f5 24. Nc3 Bf6 25. Ka3 Rhf8 26. Bd1 Qe7 27. Qh2 f4 28. Bd2
Rf7 29. Qh3 Qd7 30. Qxd7 Nxd7 31. g4 hxg4 32. fxg4 g5 33. h5 Be7 34. Bf3 Nhf6
35. Nd1 Nc5 36. Nf2 Kc8 37. Kb2 Kd7 38. Kc3 Rff8 39. Re1 Rg8 40. Rhg1 Ke8 41.
Nd3 Nfd7 42. Nxc5 bxc5 43. Ra1 Rh8 44. Kd3 Kf7 45. Rg2 Kg7 46. Rh1 Kh6 47. Ra1
Rhb8 48. Rgg1 Rb7 49. Rac1 Bf6 50. Ra1 Be7 51. Rh1 Bf6 52. Rhg1 Be7 53. Rh1 Bf6
54. Rhg1 Be7 55. Rh1 1/2-1/2

[Event "Madrid-chT 2021"]
[Site "Madrid"]
[Date "2021.02.27"]
[Round "2.5"]
[White "Alonso Cristobo, Luis"]
[Black "Gutierrez Diaz, Pablo"]
[Result "0-1"]
[WhiteElo "1903"]
[BlackElo "1879"]
[PlyCount "56"]
[EventDate "2021.01.24"]
[EventType "team-tourn"]
[EventRounds "14"]
[EventCountry "ESP"]
[SourceTitle "Ajedrez en Madrid"]
[Source "lmi"]
[SourceDate "2021.01.23"]
[SourceVersion "1"]
[SourceVersionDate "2021.06.08"]
[SourceQuality "1"]
[WhiteTeam "Capablanca"]
[BlackTeam "Villalba 64"]
[WhiteTeamCountry "ESP"]
[BlackTeamCountry "ESP"]

1. e4 c5 2. f4 e6 3. Nf3 Nc6 4. Bb5 Nge7 5. Nc3 a6 6. Bxc6 Nxc6 7. d3 b5 8. O-O
Be7 9. a4 b4 10. Nb1 d5 11. e5 Bb7 12. b3 Rc8 13. Nbd2 Na5 14. Ng5 g6 15. Ndf3
c4 16. Bd2 cxb3 17. cxb3 d4 18. Qe1 Nxb3 19. Bxb4 Nxa1 20. Bxe7 Qxe7 21. Qxa1
h6 22. Nh3 Bxf3 23. Rxf3 O-O 24. Nf2 Rc3 25. Ne4 Qa3 26. Qxa3 Rxa3 27. Nc5 Rc8
28. Nd7 Rc1+ 0-1

[Event "Madrid-chT 2021"]
[Site "Madrid"]
[Date "2021.02.27"]
[Round "2.6"]
[White "Estevez Sacristan, Deva"]
[Black "De la Aldea Martin, Alvaro"]
[Result "1/2-1/2"]
[WhiteElo "1932"]
[BlackElo "1705"]
[PlyCount "133"]
[EventDate "2021.01.24"]
[EventType "team-tourn"]
[EventRounds "14"]
[EventCountry "ESP"]
[SourceTitle "Ajedrez en Madrid"]
[Source "lmi"]
[SourceDate "2021.01.23"]
[SourceVersion "1"]
[SourceVersionDate "2021.06.08"]
[SourceQuality "1"]
[WhiteTeam "Villalba 64"]
[BlackTeam "Capablanca"]
[WhiteTeamCountry "ESP"]
[BlackTeamCountry "ESP"]

1. e4 c5 2. Nc3 g6 3. Nf3 Bg7 4. d4 cxd4 5. Nxd4 Nc6 6. Be3 Nf6 7. Bc4 Qa5 8.
O-O O-O 9. Bb3 a6 10. h3 Qc7 11. Qd2 Rd8 12. Rad1 d6 13. f4 Bd7 14. Qf2 Nxd4
15. Bxd4 Re8 16. e5 Nh5 17. g4 Qc6 18. Bd5 Qc8 19. Qf3 Rb8 20. gxh5 Bxh3 21.
hxg6 hxg6 22. e6 Bxe6 23. Bxe6 Qxe6 24. Bxg7 Kxg7 25. f5 gxf5 26. Qxf5 Qe3+ 27.
Rf2 Rg8 28. Qxf7+ Kh8+ 29. Kh1 Rg3 30. Rh2+ Rh3 31. Rg1 Rxh2+ 32. Kxh2 Qh6+ 33.
Kg2 Rg8+ 34. Qxg8+ Kxg8 35. Kf3+ Kf7 36. Rg2 Qh3+ 37. Kf2 b5 38. Ne4 Qh4+ 39.
Ke3 d5 40. Rf2+ Ke8 41. Nd2 e5 42. Nb3 Qg3+ 43. Ke2 d4 44. Nc5 Qe3+ 45. Kf1 a5
46. Re2 Qf3+ 47. Ke1 Kd8 48. Kd2 Qd5 49. Nb3 a4 50. Nc1 e4 51. b3 Qg5+ 52. Kd1
Qg1+ 53. Re1 Qg4+ 54. Re2 axb3 55. axb3 Kc7 56. Kd2 Qg5+ 57. Kd1 Qg4 58. Ke1
Qg1+ 59. Kd2 e3+ 60. Kd3 Qxc1 61. Kxd4 Kc6 62. Rxe3 Qb2+ 63. Kd3 Kd5 64. Kd2 b4
65. Rh3 Qg7 66. Rd3+ Ke4 67. Kc1 1/2-1/2

[Event "Madrid-chT 2021"]
[Site "Madrid"]
[Date "2021.02.28"]
[Round "2.1"]
[White "Montañes Arribas, Adrian"]
[Black "Pulvett Marin, Daniel Eduardo"]
[Result "1/2-1/2"]
[WhiteElo "2268"]
[BlackElo "2487"]
[PlyCount "108"]
[EventDate "2021.01.24"]
[EventType "team-tourn"]
[EventRounds "14"]
[EventCountry "ESP"]
[SourceTitle "Ajedrez en Madrid"]
[Source "lmi"]
[SourceDate "2021.01.23"]
[SourceVersion "1"]
[SourceVersionDate "2021.06.08"]
[SourceQuality "1"]
[WhiteTeam "Vallecas CDV"]
[BlackTeam "Collado Villalba"]
[WhiteTeamCountry "ESP"]
[BlackTeamCountry "ESP"]

1. d4 Nf6 2. c4 c5 3. d5 g6 4. Nc3 Bg7 5. Nf3 d6 6. g3 O-O 7. Bg2 Na6 8. O-O
Nc7 9. Ne1 Bd7 10. a4 Na6 11. Nd3 Nb4 12. Nxb4 cxb4 13. Nb1 Rc8 14. Nd2 Ng4 15.
Rb1 Ne5 16. b3 Bf5 17. e4 Bg4 18. f3 Bd7 19. Qe2 a6 20. h3 Qb6+ 21. Kh2 Qd4 22.
Bb2 Qd3 23. Qf2 b5 24. Rfd1 Qc2 25. Rdc1 Nd3 26. Rxc2 Nxf2 27. Bxg7 Kxg7 28.
axb5 axb5 29. Bf1 h5 30. Rbc1 g5 31. Nb1 bxc4 32. bxc4 Nd1 33. Rxd1 Ba4 34.
Rdc1 Bxc2 35. Rxc2 Ra8 36. Rb2 Rfb8 37. Nd2 Ra3 38. c5 dxc5 39. Bc4 Rc3 40. Bb3
Ra8 41. Kg2 Kf6 42. Nc4 Ra1 43. e5+ Kg7 44. d6 exd6 45. exd6 Rd3 46. h4 gxh4
47. gxh4 Rc1 48. Rd2 Rxd2+ 49. Nxd2 Kf8 50. Kf2 Ke8 51. Ba4+ Kf8 52. Bb3 Rc3
53. Bc4 Ra3 54. Ke2 Rc3 1/2-1/2

[Event "Madrid-chT 2021"]
[Site "Madrid"]
[Date "2021.02.28"]
[Round "2.2"]
[White "Martin Duque, Jesus"]
[Black "Martin Garcia, Guillermo Li"]
[Result "1-0"]
[WhiteElo "2422"]
[BlackElo "2240"]
[PlyCount "59"]
[EventDate "2021.01.24"]
[EventType "team-tourn"]
[EventRounds "14"]
[EventCountry "ESP"]
[SourceTitle "Ajedrez en Madrid"]
[Source "lmi"]
[SourceDate "2021.01.23"]
[SourceVersion "1"]
[SourceVersionDate "2021.06.08"]
[SourceQuality "1"]
[WhiteTeam "Collado Villalba"]
[BlackTeam "Vallecas CDV"]
[WhiteTeamCountry "ESP"]
[BlackTeamCountry "ESP"]

1. e4 e5 2. Nf3 Nc6 3. Bb5 a6 4. Ba4 d6 5. O-O Bd7 6. Re1 Nge7 7. c3 Ng6 8. d4
Be7 9. Be3 h6 10. Nbd2 Bg5 11. d5 Nb8 12. Nxg5 hxg5 13. Bxd7+ Nxd7 14. b4 Nf4
15. Nf1 Qf6 16. c4 Rh4 17. c5 Qh6 18. Rc1 Ke7 19. cxd6+ cxd6 20. Rc7 Rh8 21.
Bxf4 gxf4 22. Qa4 b5 23. Qc2 f3 24. Rxd7+ Kxd7 25. Qc6+ Ke7 26. Qc7+ Ke8 27.
Rc1 Qg5 28. g3 R4h6 29. Rc6 f5 30. Qb7 1-0

[Event "Madrid-chT 2021"]
[Site "Madrid"]
[Date "2021.02.28"]
[Round "2.3"]
[White "Beltran de Heredia Eguiaz, Miguel Angel"]
[Black "Quispe Arteaga, Gabriel"]
[Result "1/2-1/2"]
[WhiteElo "2199"]
[BlackElo "2397"]
[PlyCount "31"]
[EventDate "2021.01.24"]
[EventType "team-tourn"]
[EventRounds "14"]
[EventCountry "ESP"]
[SourceTitle "Ajedrez en Madrid"]
[Source "lmi"]
[SourceDate "2021.01.23"]
[SourceVersion "1"]
[SourceVersionDate "2021.06.08"]
[SourceQuality "1"]
[WhiteTeam "Vallecas CDV"]
[BlackTeam "Collado Villalba"]
[WhiteTeamCountry "ESP"]
[BlackTeamCountry "ESP"]

1. e4 c5 2. Nf3 Nc6 3. Nc3 d6 4. d4 cxd4 5. Nxd4 e5 6. Nb3 Be6 7. f4 Nf6 8. f5
Bxb3 9. axb3 h6 10. Be3 a6 11. Bc4 Rc8 12. O-O Be7 13. Nd5 O-O 14. Nxf6+ Bxf6
15. c3 Bg5 16. Bf2 1/2-1/2

[Event "Madrid-chT 2021"]
[Site "Madrid"]
[Date "2021.02.28"]
[Round "2.4"]
[White "Lianes Garcia, Marcos"]
[Black "Morona Minguez, Miguel"]
[Result "1-0"]
[WhiteElo "2375"]
[BlackElo "2045"]
[PlyCount "73"]
[EventDate "2021.01.24"]
[EventType "team-tourn"]
[EventRounds "14"]
[EventCountry "ESP"]
[SourceTitle "Ajedrez en Madrid"]
[Source "lmi"]
[SourceDate "2021.01.23"]
[SourceVersion "1"]
[SourceVersionDate "2021.06.08"]
[SourceQuality "1"]
[WhiteTeam "Collado Villalba"]
[BlackTeam "Vallecas CDV"]
[WhiteTeamCountry "ESP"]
[BlackTeamCountry "ESP"]

1. d4 Nf6 2. c4 c6 3. Nf3 d5 4. g3 Bg4 5. Bg2 Nbd7 6. Ne5 Be6 7. cxd5 Bxd5 8.
Bxd5 cxd5 9. Nc3 e6 10. Qa4 a6 11. Bg5 b5 12. Qb3 Qb6 13. Nxd7 Nxd7 14. Rd1 b4
15. Na4 Qb5 16. Qc2 Bd6 17. b3 O-O 18. Rc1 Rfc8 19. Qxc8+ Rxc8 20. Rxc8+ Nf8
21. Kd2 f6 22. Be3 Kf7 23. Rhc1 Nd7 24. h4 Ke7 25. h5 h6 26. g4 f5 27. gxf5
exf5 28. f3 Nf6 29. R8c6 Nd7 30. Bf2 Bf4+ 31. e3 Bd6 32. Bh4+ Nf6 33. Bxf6+
gxf6 34. f4 a5 35. Nb6 Bb8 36. Nc8+ Kd7 37. Rb6 1-0

[Event "Madrid-chT 2021"]
[Site "Madrid"]
[Date "2021.02.28"]
[Round "2.5"]
[White "Ballesteros Galvez, Daniel"]
[Black "Garcia Dorado, Alberto"]
[Result "0-1"]
[WhiteElo "1932"]
[BlackElo "2181"]
[PlyCount "90"]
[EventDate "2021.01.24"]
[EventType "team-tourn"]
[EventRounds "14"]
[EventCountry "ESP"]
[SourceTitle "Ajedrez en Madrid"]
[Source "lmi"]
[SourceDate "2021.01.23"]
[SourceVersion "1"]
[SourceVersionDate "2021.06.08"]
[SourceQuality "1"]
[WhiteTeam "Vallecas CDV"]
[BlackTeam "Collado Villalba"]
[WhiteTeamCountry "ESP"]
[BlackTeamCountry "ESP"]

1. e4 e6 2. d4 d5 3. Nd2 c5 4. Ngf3 cxd4 5. Nxd4 Nc6 6. Bb5 Bd7 7. Nxc6 bxc6 8.
Bd3 Qc7 9. Qe2 Ne7 10. O-O Ng6 11. Nf3 Bd6 12. Rd1 O-O 13. c4 d4 14. g3 e5 15.
Qc2 Bg4 16. Be2 Qd7 17. Ne1 f5 18. Bxg4 fxg4 19. Nd3 Rf3 20. c5 Be7 21. Qc4+
Kh8 22. Ne1 Rf6 23. Bg5 Rff8 24. Bd2 h6 25. b4 Kh7 26. a4 a6 27. Nd3 Rf3 28.
Rab1 h5 29. b5 axb5 30. axb5 cxb5 31. Rxb5 Qc6 32. Re1 Rc8 33. Ba5 Qf6 34. Rb6
Qg5 35. Rd1 h4 36. Qe6 Rxd3 37. Rdb1 Rxc5 38. Be1 Nf8 39. Qf7 Rf3 40. Qe8 h3
41. Rb7 Ng6 42. R7b6 Rf6 43. Rb8 Rf8 44. Qa4 Rxb8 45. Rxb8 Rc1 0-1

[Event "Madrid-chT 2021"]
[Site "Madrid"]
[Date "2021.02.28"]
[Round "2.6"]
[White "Zhou, Lulu"]
[Black "Morona Minguez, Irene"]
[Result "1-0"]
[WhiteElo "2128"]
[BlackElo "1899"]
[PlyCount "125"]
[EventDate "2021.01.24"]
[EventType "team-tourn"]
[EventRounds "14"]
[EventCountry "ESP"]
[SourceTitle "Ajedrez en Madrid"]
[Source "lmi"]
[SourceDate "2021.01.23"]
[SourceVersion "1"]
[SourceVersionDate "2021.06.08"]
[SourceQuality "1"]
[WhiteTeam "Collado Villalba"]
[BlackTeam "Vallecas CDV"]
[WhiteTeamCountry "ESP"]
[BlackTeamCountry "ESP"]

1. e4 c5 2. Nf3 e6 3. d4 cxd4 4. Nxd4 Nf6 5. Nc3 Nc6 6. Ndb5 d6 7. Bf4 e5 8.
Bg5 a6 9. Na3 b5 10. Nd5 Be7 11. Bxf6 Bxf6 12. g3 O-O 13. h4 Be7 14. Ne3 Be6
15. Be2 Rc8 16. O-O Nd4 17. c3 Nxe2+ 18. Qxe2 Bh3 19. Rfd1 f5 20. Nxf5 Bxf5 21.
exf5 Rxf5 22. Qe4 Qd7 23. Rd2 Rcf8 24. Nc2 Rf3 25. Ne3 g5 26. h5 Qh3 27. Qg4
Qxg4 28. Nxg4 Rd8 29. a4 b4 30. cxb4 Rb3 31. b5 axb5 32. a5 Rb4 33. Nh6+ Kg7
34. Nf5+ Kf6 35. Ne3 Ra4 36. Rdd1 Ra8 37. Nd5+ Kf7 38. Nb6 Rxa1 39. Rxa1 Ra6
40. Nd5 Bd8 41. b4 Ke6 42. Nc3 d5 43. Nxb5 d4 44. Rc1 Kf5 45. Kf1 Kg4 46. Ke2
Kxh5 47. Kd3 Bxa5 48. Ra1 Rf6 49. bxa5 Rxf2 50. a6 Rf8 51. Nc7 Kg4 52. a7 Kxg3
53. a8=Q Rxa8 54. Rxa8 h5 55. Ke4 h4 56. Ra3+ Kg2 57. Ne6 g4 58. Kxe5 h3 59.
Nf4+ Kh2 60. Kxd4 g3 61. Ke4 Kh1 62. Nxh3 g2 63. Kf3 1-0

[Event "Madrid-chT 2021"]
[Site "Madrid"]
[Date "2021.02.28"]
[Round "2.1"]
[White "Reyes Larena, Juan"]
[Black "Espinosa Aranda, Angel"]
[Result "1/2-1/2"]
[WhiteElo "2451"]
[BlackElo "2485"]
[PlyCount "54"]
[EventDate "2021.01.24"]
[EventType "team-tourn"]
[EventRounds "14"]
[EventCountry "ESP"]
[SourceTitle "Ajedrez en Madrid"]
[Source "lmi"]
[SourceDate "2021.01.23"]
[SourceVersion "1"]
[SourceVersionDate "2021.06.08"]
[SourceQuality "1"]
[WhiteTeam "San Sebastian de los Reyes"]
[BlackTeam "Virgen de Atocha"]
[WhiteTeamCountry "ESP"]
[BlackTeamCountry "ESP"]

1. e4 c5 2. Nf3 d6 3. g3 Nf6 4. d3 g6 5. Bg2 Bg7 6. O-O O-O 7. c3 Nc6 8. Re1
Bg4 9. h3 Bxf3 10. Qxf3 Nd7 11. Qe2 Qc7 12. Be3 b5 13. Nd2 b4 14. Rec1 Qb6 15.
Nf3 Rab8 16. Qd1 Qa5 17. Nd2 bxc3 18. bxc3 Nb6 19. d4 Qa4 20. Qxa4 Nxa4 21. e5
Rfc8 22. f4 cxd4 23. cxd4 Nb4 24. Rxc8+ Rxc8 25. a3 Nc2 26. Rc1 Nb6 27. Bf2
Nxa3 1/2-1/2

[Event "Madrid-chT 2021"]
[Site "Madrid"]
[Date "2021.02.28"]
[Round "2.2"]
[White "Plazuelo Pascual, Juan"]
[Black "Martinez Fernandez, Raul"]
[Result "1-0"]
[WhiteElo "2465"]
[BlackElo "2169"]
[PlyCount "27"]
[EventDate "2021.01.24"]
[EventType "team-tourn"]
[EventRounds "14"]
[EventCountry "ESP"]
[SourceTitle "Ajedrez en Madrid"]
[Source "lmi"]
[SourceDate "2021.01.23"]
[SourceVersion "1"]
[SourceVersionDate "2021.06.08"]
[SourceQuality "1"]
[WhiteTeam "Virgen de Atocha"]
[BlackTeam "San Sebastian de los Reyes"]
[WhiteTeamCountry "ESP"]
[BlackTeamCountry "ESP"]

1. e4 e5 2. Nf3 Nc6 3. Bb5 a6 4. Bxc6 dxc6 5. O-O Ne7 6. Nxe5 Qd4 7. Qh5 g6 8.
Qg5 h6 9. Qf4 f5 10. Nf3 Qxe4 11. Qxc7 Qxc2 12. Re1 Rg8 13. d4 g5 14. d5 1-0

[Event "Madrid-chT 2021"]
[Site "Madrid"]
[Date "2021.02.28"]
[Round "2.3"]
[White "Quevedo Marin, Manuel"]
[Black "Almagro Llamas, Pablo"]
[Result "0-1"]
[WhiteElo "2214"]
[BlackElo "2423"]
[PlyCount "58"]
[EventDate "2021.01.24"]
[EventType "team-tourn"]
[EventRounds "14"]
[EventCountry "ESP"]
[SourceTitle "Ajedrez en Madrid"]
[Source "lmi"]
[SourceDate "2021.01.23"]
[SourceVersion "1"]
[SourceVersionDate "2021.06.08"]
[SourceQuality "1"]
[WhiteTeam "San Sebastian de los Reyes"]
[BlackTeam "Virgen de Atocha"]
[WhiteTeamCountry "ESP"]
[BlackTeamCountry "ESP"]

1. d4 Nf6 2. c4 e6 3. Nc3 Bb4 4. e3 O-O 5. Bd2 d5 6. Nf3 b6 7. cxd5 exd5 8. Be2
Bb7 9. O-O Nbd7 10. a3 Bd6 11. b4 a6 12. Qb3 Re8 13. Rfc1 Qe7 14. Rab1 b5 15.
Bf1 Nb6 16. Ne2 Nc4 17. Ng3 Bc8 18. Bc3 Ng4 19. Re1 Qf6 20. e4 Bxg3 21. hxg3
Rxe4 22. Rxe4 dxe4 23. d5 Qf5 24. Bxc4 bxc4 25. Qxc4 exf3 26. Re1 Bb7 27. Bd4
c6 28. Re4 h5 29. gxf3 Ne5 0-1

[Event "Madrid-chT 2021"]
[Site "Madrid"]
[Date "2021.02.28"]
[Round "2.4"]
[White "Rubio Mejia, Luis Ignacio"]
[Black "Reyes Peñas, Sebastian"]
[Result "1/2-1/2"]
[WhiteElo "2400"]
[BlackElo "2201"]
[PlyCount "61"]
[EventDate "2021.01.24"]
[EventType "team-tourn"]
[EventRounds "14"]
[EventCountry "ESP"]
[SourceTitle "Ajedrez en Madrid"]
[Source "lmi"]
[SourceDate "2021.01.23"]
[SourceVersion "1"]
[SourceVersionDate "2021.06.08"]
[SourceQuality "1"]
[WhiteTeam "Virgen de Atocha"]
[BlackTeam "San Sebastian de los Reyes"]
[WhiteTeamCountry "ESP"]
[BlackTeamCountry "ESP"]

1. d4 Nf6 2. c4 e6 3. Nf3 Bb4+ 4. Bd2 a5 5. g3 b6 6. Bg2 Bb7 7. O-O O-O 8. Bf4
Be7 9. Nc3 Re8 10. Qc2 Bb4 11. Nb5 Na6 12. a3 Bf8 13. Rad1 d6 14. Nc3 Qc8 15.
e4 c5 16. d5 e5 17. Bg5 Be7 18. Qe2 Qd8 19. Bc1 Nc7 20. a4 Na6 21. Kh1 Nb4 22.
Ng1 Bf8 23. Bh3 g6 24. f3 Bg7 25. Qg2 Qe7 26. Rfe1 Ba6 27. b3 Nh5 28. Bg4 Nf6
29. Bh3 Nh5 30. Bg4 Nf6 31. Bh3 1/2-1/2

[Event "Madrid-chT 2021"]
[Site "Madrid"]
[Date "2021.02.28"]
[Round "2.6"]
[White "Vazquez Torres, Adrian"]
[Black "Guillo Longares, Cecilia"]
[Result "1-0"]
[WhiteElo "2152"]
[BlackElo "2017"]
[PlyCount "115"]
[EventDate "2021.01.24"]
[EventType "team-tourn"]
[EventRounds "14"]
[EventCountry "ESP"]
[SourceTitle "Ajedrez en Madrid"]
[Source "lmi"]
[SourceDate "2021.01.23"]
[SourceVersion "1"]
[SourceVersionDate "2021.06.08"]
[SourceQuality "1"]
[WhiteTeam "Virgen de Atocha"]
[BlackTeam "San Sebastian de los Reyes"]
[WhiteTeamCountry "ESP"]
[BlackTeamCountry "ESP"]

1. e4 c5 2. Nf3 Nc6 3. Nc3 g6 4. Bc4 Bg7 5. a4 d6 6. d3 Nf6 7. Bg5 Bg4 8. h3
Bxf3 9. Qxf3 Ne5 10. Bb5+ Nfd7 11. Qe3 h6 12. Bf4 a6 13. Bxd7+ Nxd7 14. O-O g5
15. Bh2 Ne5 16. Ne2 g4 17. Bxe5 Bxe5 18. hxg4 Qd7 19. f4 Bxb2 20. Rab1 Bf6 21.
Qf3 e5 22. Nc3 exf4 23. Nd5 Bd4+ 24. Kh1 b5 25. e5 Qd8 26. Nc7+ Kd7 27. Nxa8
Qh4+ 28. Qh3 Qxh3+ 29. gxh3 dxe5 30. Nb6+ Kc6 31. axb5+ axb5 32. c4 Kxb6 33.
Rxb5+ Kc6 34. Rfb1 Ra8 35. Rb6+ Kd7 36. Rb7+ Ke8 37. Kg2 Ra2+ 38. Kf3 Kf8 39.
Rc7 Ra6 40. h4 Kg7 41. Rbb7 Rf6 42. Rd7 Be3 43. Rd5 Bd4 44. Rbd7 Rb6 45. R5d6
Rb3 46. Ke4 f3 47. g5 hxg5 48. hxg5 f2 49. Rf6 Rb1 50. Rdxf7+ Kg8 51. Rxf2 Re1+
52. Kd5 Bxf2 53. Rxf2 Re3 54. Rd2 Rg3 55. Kxc5 Rxg5 56. Kd6 Kf7 57. Rf2+ Ke8
58. Re2 1-0